| 000 | 00833nam a2200217Ia 4500 | ||
|---|---|---|---|
| 003 | OSt | ||
| 005 | 20211005132934.0 | ||
| 008 | 210310s2000 ck ad gr 000 0 spa d | ||
| 040 |
_aCO-JMCR _cCO-JMCR |
||
| 041 | 0 | _aspa | |
| 082 | 0 | 4 |
_a338.17318 / _bF293c _223 |
| 110 | 2 |
_aFederación Nacional de Arroceros, _eautor _940938 |
|
| 245 | 1 | 3 |
_all censo nacional arrocero : _bcubrimiento cosecha 1999 A-B / _cFederación Nacional de Arroceros, Fondo Nacional de Arroz |
| 260 |
_aBogotá : _bFedearroz, _c2000. |
||
| 300 |
_a197 páginas : _bilustraciones y gráficas en blanco y negro ; _c24 cm. |
||
| 505 | 0 | _aMetodología. -- Organización. -- Síntesis general. -- Mecanizado. | |
| 650 | 1 | 4 |
_aCenso arrocero _zColombia _940939 |
| 650 | 2 | 4 |
_aMetodología _940940 |
| 710 | 2 |
_aFondo Nacional de Arroz _eautor _940941 |
|
| 942 |
_2ddc _cBK |
||
| 999 |
_c12619 _d12619 |
||